Normal view
MARC view
- Creswell, John W.
Entry Personal Name
001 - CONTROL NUMBER
- control field: 5796
003 - CONTROL NUMBER IDENTIFIER
- control field: URS
005 - DATE AND TIME OF LATEST TRANSACTION
- control field: 20240411182508.0
008 - FIXED-LENGTH DATA ELEMENTS
- fixed length control field: 240411|| aca||aabn | a|a d
040 ## - CATALOGING SOURCE
- Original cataloging agency: URS
100 ## - HEADING--PERSONAL NAME
- Personal name: Creswell, John W.